Normal view
MARC view
- Biot, Maurice A
Entry Personal Name
001 - CONTROL NUMBER
- control field: 39036
003 - CONTROL NUMBER IDENTIFIER
- control field: NUST
005 - DATE AND TIME OF LATEST TRANSACTION
- control field: 20210314131328.0
008 - FIXED-LENGTH DATA ELEMENTS
- fixed length control field: 210314|| aca||aabn | a|a d
040 ## - CATALOGING SOURCE
- Original cataloging agency: NUST
- Transcribing agency: NUST
100 ## - HEADING--PERSONAL NAME
- Personal name: Biot, Maurice A
670 ## - SOURCE DATA FOUND
- Source citation: Work cat.: (NUST): Von Kármán, Theodore, 39034, Mathematical methods in engineering;, 1940.
